Together on the way (Record no. 7577)
[ view plain ]
| 000 -LEADER | |
|---|---|
| fixed length control field | 00574nam a2200217Ia 4500 |
| 003 - CONTROL NUMBER IDENTIFIER | |
| control field | 0100 |
| 005 - DATE AND TIME OF LATEST TRANSACTION | |
| control field | 20140206165855.0 |
| 008 - FIXED-LENGTH DATA ELEMENTS--GENERAL INFORMATION | |
| fixed length control field | 130303s9999 xx 000 0 und d |
| 020 ## - INTERNATIONAL STANDARD BOOK NUMBER | |
| International Standard Book Number | 2825413097 |
| 040 ## - CATALOGING SOURCE | |
| Transcribing agency | ARRUPELIB |
| 050 ## - LIBRARY OF CONGRESS CALL NUMBER | |
| Classification number | BX6.W77T641998 |
| 300 ## - PHYSICAL DESCRIPTION | |
| Other physical details | 406p. 22cm. |
| 100 ## - MAIN ENTRY--PERSONAL NAME | |
| Personal name | WCC |
| 9 (RLIN) | 8379 |
| 245 ## - TITLE STATEMENT | |
| Title | Together on the way |
| 245 ## - TITLE STATEMENT | |
| Remainder of title | afficial report of the Eighth Assembly of the World Council of Churches |
| 260 ## - PUBLICATION, DISTRIBUTION, ETC. (IMPRINT) | |
| Place of publication, distribution, etc | Geneva |
| 260 ## - PUBLICATION, DISTRIBUTION, ETC. (IMPRINT) | |
| Name of publisher, distributor, etc | WCC Pub. |
| 300 ## - PHYSICAL DESCRIPTION | |
| Extent | xiii |
| 650 ## - SUBJECT ADDED ENTRY--TOPICAL TERM | |
| Topical term or geographic name as entry element | Ecumenical movement |
| General subdivision | Congresses |
| 9 (RLIN) | 8380 |
| 942 ## - ADDED ENTRY ELEMENTS (KOHA) | |
| Source of classification or shelving scheme | Library of Congress Classification |
| Koha item type | Monograph ( Printed materials) |
| Withdrawn status | Lost status | Source of classification or shelving scheme | Damaged status | Not for loan | Collection code | Home library | Current library | Shelving location | Date acquired | Total Checkouts | Full call number | Barcode | Date last seen | Copy number | Price effective from | Koha item type |
|---|---|---|---|---|---|---|---|---|---|---|---|---|---|---|---|---|
| Library of Congress Classification | Main Collection | ARRUPE LIBRARY | ARRUPE LIBRARY | Main Collection | 04/03/2013 | BX6.W77T641998 | 46500022187 | 22/11/2017 | 1 | 04/03/2013 | Monograph ( Printed materials) |